[Event "Team Championship Russia (Blitz, Women)"]
[Site "Sochi"]
[Date "2018.10.10"]
[Round "1.1"]
[White "Ambartsumova, Karina"]
[Black "Pogonina, Natalija"]
[Result "1/2-1/2"]
[BlackElo "2328"]
[WhiteElo "2319"]
[LiveChessVersion "1.4.8"]

1. d4 {[%clk 0:03:02]} Nf6 {[%clk 0:03:03]} 2. Nf3 {[%clk 0:03:03]} d5
{[%clk 0:03:03]} 3. Bf4 {[%clk 0:03:03]} Bf5 {[%clk 0:03:00]} 4. e3
{[%clk 0:03:03]} e6 {[%clk 0:02:59]} 5. c4 {[%clk 0:02:59]} Bd6 {[%clk 0:02:55]}
6. Bg3 {[%clk 0:02:41]} O-O {[%clk 0:02:47]} 7. Nc3 {[%clk 0:02:42]} dxc4
{[%clk 0:02:39]} 8. Bxc4 {[%clk 0:02:41]} Nbd7 {[%clk 0:02:34]} 9. O-O
{[%clk 0:02:31]} Nb6 {[%clk 0:02:34]} 10. Bd3 {[%clk 0:02:28]} Bxd3
{[%clk 0:02:33]} 11. Qxd3 {[%clk 0:02:29]} Bxg3 {[%clk 0:02:31]} 12. hxg3
{[%clk 0:02:29]} c5 {[%clk 0:02:29]} 13. Rfd1 {[%clk 0:02:24]} cxd4
{[%clk 0:02:27]} 14. Nxd4 {[%clk 0:02:10]} Qe7 {[%clk 0:02:23]} 15. Qb5
{[%clk 0:01:40]} Rfd8 {[%clk 0:02:10]} 16. Nf3 {[%clk 0:01:20]} Nbd5
{[%clk 0:02:06]} 17. Nxd5 {[%clk 0:01:19]} Nxd5 {[%clk 0:02:02]} 18. e4
{[%clk 0:01:14]} Nf6 {[%clk 0:01:55]} 19. Qa4 {[%clk 0:00:55]} a6
{[%clk 0:01:51]} 20. Rac1 {[%clk 0:00:38]} h6 {[%clk 0:01:47]} 21. Rxd8+
{[%clk 0:00:35]} Rxd8 {[%clk 0:01:47]} 22. e5 {[%clk 0:00:33]} Nd5
{[%clk 0:01:45]} 23. a3 {[%clk 0:00:33]} Qe8 {[%clk 0:01:28]} 24. Qe4
{[%clk 0:00:34]} Qb5 {[%clk 0:01:25]} 25. Rc2 {[%clk 0:00:35]} Qd7
{[%clk 0:01:20]} 26. g4 {[%clk 0:00:35]} g6 {[%clk 0:01:06]} 27. g5
{[%clk 0:00:33]} h5 {[%clk 0:01:06]} 28. Qc4 {[%clk 0:00:19]} Nb6
{[%clk 0:00:58]} 29. Qc7 {[%clk 0:00:18]} Nd5 {[%clk 0:00:50]} 30. Qxd7
{[%clk 0:00:19]} Rxd7 {[%clk 0:00:51]} 31. Kf1 {[%clk 0:00:19]} Kf8
{[%clk 0:00:51]} 32. g3 {[%clk 0:00:18]} Ke7 {[%clk 0:00:52]} 33. Ke2
{[%clk 0:00:19]} Nc7 {[%clk 0:00:41]} 34. Nd2 {[%clk 0:00:17]} Nb5
{[%clk 0:00:40]} 35. Nb3 {[%clk 0:00:13]} Rd5 {[%clk 0:00:28]} 36. f4
{[%clk 0:00:13]} Kd8 {[%clk 0:00:23]} 37. a4 {[%clk 0:00:12]} Nd4+
{[%clk 0:00:20]} 38. Nxd4 {[%clk 0:00:13]} Rxd4 {[%clk 0:00:21]} 39. b3
{[%clk 0:00:14]} Kd7 {[%clk 0:00:20]} 40. Ke3 {[%clk 0:00:11]} Rd1
{[%clk 0:00:20]} 41. Rc3 {[%clk 0:00:06]} a5 {[%clk 0:00:18]} 42. Kf3
{[%clk 0:00:07]} b6 {[%clk 0:00:18]} 43. Ke2 {[%clk 0:00:08]} Rd5
{[%clk 0:00:17]} 44. Ke3 {[%clk 0:00:09]} Rd1 45. Ke2 Rd5 {[%clk 0:00:17]}
1/2-1/2

[Event "Team Championship Russia (Blitz, Women)"]
[Site "Sochi"]
[Date "2018.10.10"]
[Round "1.2"]
[White "Girya, Olga"]
[Black "Nebolsina, Vera"]
[Result "0-1"]
[BlackElo "2099"]
[WhiteElo "2389"]
[LiveChessVersion "1.4.8"]

1. d4 {[%clk 0:03:03]} Nf6 {[%clk 0:03:03]} 2. Nf3 {[%clk 0:03:04]} g6
{[%clk 0:03:04]} 3. Bg5 {[%clk 0:03:06]} Bg7 {[%clk 0:03:03]} 4. Nbd2
{[%clk 0:03:07]} d6 {[%clk 0:02:47]} 5. c3 {[%clk 0:03:08]} h6 {[%clk 0:02:47]}
6. Bh4 {[%clk 0:03:09]} O-O {[%clk 0:02:44]} 7. e4 {[%clk 0:03:10]} Nbd7
{[%clk 0:02:39]} 8. Be2 {[%clk 0:03:11]} b6 {[%clk 0:02:40]} 9. O-O
{[%clk 0:03:10]} Bb7 {[%clk 0:02:41]} 10. Qc2 {[%clk 0:03:12]} Nh5
{[%clk 0:02:37]} 11. Rfe1 {[%clk 0:03:12]} Nf4 {[%clk 0:02:29]} 12. Bf1
{[%clk 0:03:13]} c5 {[%clk 0:02:23]} 13. d5 {[%clk 0:03:11]} g5 {[%clk 0:02:22]}
14. Bg3 {[%clk 0:03:11]} Ng6 {[%clk 0:02:21]} 15. a4 {[%clk 0:03:10]} a6
{[%clk 0:02:12]} 16. Nc4 {[%clk 0:03:08]} b5 {[%clk 0:02:02]} 17. Ne3
{[%clk 0:03:09]} c4 {[%clk 0:01:49]} 18. Nf5 {[%clk 0:03:10]} Nde5
{[%clk 0:01:44]} 19. Nxe5 {[%clk 0:03:07]} dxe5 {[%clk 0:01:43]} 20. Rad1
{[%clk 0:02:44]} Qd7 {[%clk 0:01:36]} 21. f3 {[%clk 0:02:34]} Kh7
{[%clk 0:01:32]} 22. Bf2 {[%clk 0:02:33]} Bf6 {[%clk 0:01:31]} 23. axb5
{[%clk 0:02:27]} axb5 {[%clk 0:01:32]} 24. b3 {[%clk 0:02:28]} Rfc8
{[%clk 0:01:31]} 25. bxc4 {[%clk 0:02:26]} bxc4 {[%clk 0:01:29]} 26. Rb1
{[%clk 0:02:28]} Ba6 {[%clk 0:01:18]} 27. Rb6 {[%clk 0:02:23]} Bb5
{[%clk 0:01:16]} 28. Rb1 {[%clk 0:02:21]} Ba4 {[%clk 0:01:16]} 29. Qd2
{[%clk 0:02:10]} Bb3 {[%clk 0:01:17]} 30. Ne3 {[%clk 0:01:13]} Ra2
{[%clk 0:01:16]} 31. Qe1 {[%clk 0:01:14]} Nf4 {[%clk 0:01:10]} 32. Ng4
{[%clk 0:01:08]} Kg7 {[%clk 0:01:09]} 33. Qe3 {[%clk 0:00:45]} Rca8
{[%clk 0:01:01]} 34. h4 {[%clk 0:00:40]} h5 {[%clk 0:00:42]} 35. Nxf6
{[%clk 0:00:31]} exf6 {[%clk 0:00:43]} 36. Qc5 {[%clk 0:00:25]} Rc8
{[%clk 0:00:27]} 37. Qd6 {[%clk 0:00:22]} Qxd6 {[%clk 0:00:27]} 38. Rxd6
{[%clk 0:00:23]} Rca8 {[%clk 0:00:24]} 39. hxg5 {[%clk 0:00:21]} fxg5
{[%clk 0:00:26]} 40. Be3 {[%clk 0:00:22]} f6 {[%clk 0:00:24]} 41. Rc6
{[%clk 0:00:21]} R2a4 {[%clk 0:00:14]} 42. d6 {[%clk 0:00:21]} Kf7
{[%clk 0:00:13]} 43. g3 {[%clk 0:00:19]} Ne6 {[%clk 0:00:12]} 44. Bh3
{[%clk 0:00:13]} g4 {[%clk 0:00:08]} 45. fxg4 {[%clk 0:00:14]} hxg4
{[%clk 0:00:10]} 46. Bxg4 {[%clk 0:00:14]} Rg8 {[%clk 0:00:09]} 47. Bxe6+
{[%clk 0:00:15]} Kxe6 {[%clk 0:00:10]} 48. Bf2 {[%clk 0:00:16]} Kd7
{[%clk 0:00:11]} 49. Rb6 {[%clk 0:00:17]} Bc2 {[%clk 0:00:08]} 50. Rc1
{[%clk 0:00:16]} Bd3 {[%clk 0:00:10]} 51. Rd1 {[%clk 0:00:13]} Bxe4
{[%clk 0:00:11]} 52. Kf1 {[%clk 0:00:07]} Rh8 {[%clk 0:00:11]} 53. Re1
{[%clk 0:00:06]} Bf3 {[%clk 0:00:11]} 54. Bg1 {[%clk 0:00:08]} Rh1
{[%clk 0:00:11]} 55. Re3 {[%clk 0:00:04]} Ra2 {[%clk 0:00:11]} 0-1

[Event "Team Championship Russia (Blitz, Women)"]
[Site "Sochi"]
[Date "2018.10.10"]
[Round "1.3"]
[White "Markelova, Lubov"]
[Black "Guseva, Marina"]
[Result "1-0"]
[BlackElo "2292"]
[WhiteElo "2033"]
[LiveChessVersion "1.4.8"]

1. Nf3 {[%clk 0:03:03]} d5 {[%clk 0:03:03]} 2. d4 {[%clk 0:03:04]} Nf6
{[%clk 0:03:03]} 3. c4 {[%clk 0:03:05]} c6 {[%clk 0:03:04]} 4. e3
{[%clk 0:03:05]} Bf5 {[%clk 0:02:53]} 5. cxd5 {[%clk 0:03:05]} cxd5
{[%clk 0:02:54]} 6. Nc3 {[%clk 0:03:06]} e6 {[%clk 0:02:29]} 7. Ne5
{[%clk 0:03:06]} Bd6 {[%clk 0:01:58]} 8. g4 {[%clk 0:02:54]} Bxe5
{[%clk 0:01:26]} 9. gxf5 {[%clk 0:02:54]} Bd6 {[%clk 0:01:24]} 10. fxe6
{[%clk 0:02:51]} fxe6 {[%clk 0:01:24]} 11. Bh3 {[%clk 0:02:26]} Qe7
{[%clk 0:01:13]} 12. e4 {[%clk 0:02:09]} dxe4 {[%clk 0:01:08]} 13. Qb3
{[%clk 0:01:59]} Kf7 {[%clk 0:01:01]} 14. Bg5 {[%clk 0:01:22]} Nc6
{[%clk 0:00:47]} 15. O-O-O {[%clk 0:01:04]} Rac8 {[%clk 0:00:37]} 16. Kb1
{[%clk 0:01:01]} h6 {[%clk 0:00:14]} 17. Bxf6 {[%clk 0:00:47]} gxf6
{[%clk 0:00:14]} 18. d5 {[%clk 0:00:26]} Nd8 {[%clk 0:00:13]} 19. dxe6+
{[%clk 0:00:17]} Kf8 {[%clk 0:00:09]} 20. Nxe4 {[%clk 0:00:15]} Be5
{[%clk 0:00:04]} 21. Rd7 {[%clk 0:00:14]} Qe8 {[%clk 0:00:03]} 22. e7+
{[%clk 0:00:10]} Qxe7 {[%clk 0:00:04]} 23. Rxe7 {[%clk 0:00:11]} Kxe7
{[%clk 0:00:05]} 24. Rd1 {[%clk 0:00:09]} Rc7 {[%clk 0:00:05]} 25. Qa3+
{[%clk 0:00:09]} Kf7 {[%clk 0:00:05]} 26. Nc5 {[%clk 0:00:08]} Nc6
{[%clk 0:00:05]} 27. Nd3 {[%clk 0:00:07]} Bd4 {[%clk 0:00:05]} 28. Qb3+
{[%clk 0:00:08]} Kf8 {[%clk 0:00:06]} 29. Qe6 {[%clk 0:00:07]} Rhh7
{[%clk 0:00:05]} 30. Bf5 {[%clk 0:00:07]} Rhe7 {[%clk 0:00:06]} 31. Qd5
{[%clk 0:00:06]} Re5 {[%clk 0:00:05]} 32. Qf3 {[%clk 0:00:06]} Ke7
{[%clk 0:00:05]} 33. Nxe5 {[%clk 0:00:07]} Nxe5 {[%clk 0:00:05]} 34. Qh3
{[%clk 0:00:07]} Rc5 {[%clk 0:00:04]} 35. Qxh6 {[%clk 0:00:07]} Rb5
{[%clk 0:00:04]} 36. Qh7+ {[%clk 0:00:07]} Nf7 {[%clk 0:00:06]} 37. Rxd4 1-0

[Event "Team Championship Russia (Blitz, Women)"]
[Site "Sochi"]
[Date "2018.10.10"]
[Round "1.4"]
[White "Kovanova, Baira"]
[Black "Shafigullina, Zarina"]
[Result "1-0"]
[BlackElo "1992"]
[WhiteElo "2205"]
[LiveChessVersion "1.4.8"]

1. Nf3 {[%clk 0:03:03]} Nf6 {[%clk 0:03:04]} 2. g3 {[%clk 0:03:03]} b6
{[%clk 0:03:04]} 3. Bg2 {[%clk 0:03:04]} Bb7 {[%clk 0:03:05]} 4. d3
{[%clk 0:03:05]} e6 {[%clk 0:03:03]} 5. e4 {[%clk 0:03:06]} d6 {[%clk 0:03:01]}
6. O-O {[%clk 0:03:05]} Be7 {[%clk 0:03:02]} 7. b3 {[%clk 0:02:54]} Nbd7
{[%clk 0:03:02]} 8. Bb2 {[%clk 0:02:55]} O-O {[%clk 0:03:02]} 9. Nbd2
{[%clk 0:02:56]} a5 {[%clk 0:03:02]} 10. a4 {[%clk 0:02:56]} Rc8 {[%clk 0:02:57]}
11. Qe2 {[%clk 0:02:57]} c5 {[%clk 0:02:47]} 12. Nh4 {[%clk 0:02:54]} Ne8
{[%clk 0:02:33]} 13. Qg4 {[%clk 0:02:35]} Ne5 {[%clk 0:02:29]} 14. Qh3
{[%clk 0:02:31]} Bxh4 {[%clk 0:02:28]} 15. gxh4 {[%clk 0:02:31]} Ng6
{[%clk 0:02:29]} 16. h5 {[%clk 0:01:58]} Nf4 {[%clk 0:02:30]} 17. Qg4
{[%clk 0:01:59]} Nxg2 {[%clk 0:02:24]} 18. Qxg2 {[%clk 0:01:53]} Qh4
{[%clk 0:02:23]} 19. Nc4 {[%clk 0:01:25]} Rc6 {[%clk 0:01:58]} 20. f4
{[%clk 0:01:16]} Qxh5 {[%clk 0:01:57]} 21. f5 {[%clk 0:01:17]} e5
{[%clk 0:01:46]} 22. Kh1 {[%clk 0:01:12]} Nf6 {[%clk 0:01:45]} 23. Rg1
{[%clk 0:01:12]} g6 {[%clk 0:01:44]} 24. Raf1 {[%clk 0:01:11]} Kg7
{[%clk 0:01:07]} 25. Rf3 {[%clk 0:01:10]} h6 {[%clk 0:00:39]} 26. Bc1
{[%clk 0:01:10]} d5 {[%clk 0:00:31]} 27. Nxe5 {[%clk 0:01:06]} dxe4
{[%clk 0:00:31]} 28. Rh3 {[%clk 0:01:04]} exd3 {[%clk 0:00:24]} 29. Rxh5
{[%clk 0:00:47]} Rc7 {[%clk 0:00:12]} 30. Bxh6+ {[%clk 0:00:40]} Kh7
{[%clk 0:00:09]} 31. Bxf8+ {[%clk 0:00:31]} Nxh5 {[%clk 0:00:04]} 32. Nf3
{[%clk 0:00:31]} Rc8 {[%clk 0:00:03]} 33. fxg6+ {[%clk 0:00:31]} 1-0

[Event "Team Championship Russia (Blitz, Women)"]
[Site "Sochi"]
[Date "2018.10.10"]
[Round "1.5"]
[White "Sukhareva, Evgeniya"]
[Black "Charochkina, Daria"]
[Result "1/2-1/2"]
[BlackElo "2267"]
[WhiteElo "2186"]
[LiveChessVersion "1.4.8"]

1. d4 {[%clk 0:03:03]} d5 {[%clk 0:03:04]} 2. Bf4 {[%clk 0:03:04]} c5
{[%clk 0:03:04]} 3. e3 {[%clk 0:03:05]} cxd4 {[%clk 0:03:03]} 4. exd4
{[%clk 0:03:06]} Nc6 {[%clk 0:03:04]} 5. c3 {[%clk 0:03:06]} Nf6 {[%clk 0:03:04]}
6. Nf3 {[%clk 0:03:08]} a6 {[%clk 0:03:02]} 7. Bd3 {[%clk 0:03:08]} e6
{[%clk 0:03:01]} 8. Nbd2 {[%clk 0:03:09]} Bd6 {[%clk 0:03:02]} 9. Bxd6
{[%clk 0:03:05]} Qxd6 {[%clk 0:03:03]} 10. O-O {[%clk 0:03:06]} O-O
{[%clk 0:03:03]} 11. Re1 {[%clk 0:03:07]} Bd7 {[%clk 0:03:03]} 12. Ne5
{[%clk 0:03:06]} Ne7 {[%clk 0:02:54]} 13. h3 {[%clk 0:03:04]} Ng6
{[%clk 0:02:36]} 14. Nxg6 {[%clk 0:02:58]} fxg6 {[%clk 0:02:19]} 15. Nf3
{[%clk 0:02:59]} Nh5 {[%clk 0:02:20]} 16. Ne5 {[%clk 0:02:26]} Nf4
{[%clk 0:02:14]} 17. Qd2 {[%clk 0:02:18]} Rf6 {[%clk 0:02:09]} 18. Ng4
{[%clk 0:02:12]} Rff8 {[%clk 0:01:57]} 19. Ne5 {[%clk 0:02:12]} g5
{[%clk 0:01:36]} 20. Re3 {[%clk 0:02:10]} Be8 {[%clk 0:01:28]} 21. Kh2
{[%clk 0:02:09]} Bg6 {[%clk 0:01:21]} 22. Bxg6 {[%clk 0:01:52]} Nxg6
{[%clk 0:01:22]} 23. Rae1 {[%clk 0:01:38]} Rf5 {[%clk 0:01:16]} 24. Kg1
{[%clk 0:01:34]} Nf4 {[%clk 0:00:53]} 25. Nd3 {[%clk 0:01:20]} Rf6
{[%clk 0:00:45]} 26. Re5 {[%clk 0:01:02]} Raf8 {[%clk 0:00:40]} 27. Nxf4
{[%clk 0:00:42]} gxf4 28. f3 Rg6 {[%clk 0:00:39]} 29. Qe2 {[%clk 0:00:41]} Rff6
{[%clk 0:00:41]} 30. Qf2 {[%clk 0:00:37]} Rg3 {[%clk 0:00:41]} 31. Kh2
{[%clk 0:00:35]} Rfg6 {[%clk 0:00:41]} 32. Rg1 {[%clk 0:00:36]} Qe7
{[%clk 0:00:41]} 33. Qe2 {[%clk 0:00:33]} Qf6 {[%clk 0:00:22]} 34. c4
{[%clk 0:00:30]} h6 {[%clk 0:00:11]} 35. cxd5 {[%clk 0:00:27]} exd5
{[%clk 0:00:12]} 36. Rxd5 {[%clk 0:00:27]} Qh4 {[%clk 0:00:12]} 37. Re5
{[%clk 0:00:08]} R3g5 {[%clk 0:00:06]} 38. Rxg5 {[%clk 0:00:06]} hxg5 39. Qe8+
Kh7 40. Qe4 {[%clk 0:00:06]} Qg3+ {[%clk 0:00:05]} 41. Kh1 {[%clk 0:00:07]} Kh6
{[%clk 0:00:04]} 42. Qe1 {[%clk 0:00:09]} Qxe1 {[%clk 0:00:07]} 43. Rxe1
{[%clk 0:00:10]} Rd6 {[%clk 0:00:08]} 44. Rd1 {[%clk 0:00:11]} Rd5
{[%clk 0:00:09]} 45. Kg1 Kg6 46. Kf2 {[%clk 0:00:14]} Kf5 {[%clk 0:00:12]} 47.
Ke2 {[%clk 0:00:15]} Rb5 {[%clk 0:00:14]} 48. b3 {[%clk 0:00:16]} Ke6 49. Kd3 Ra5
{[%clk 0:00:15]} 50. Rd2 {[%clk 0:00:19]} Kd6 {[%clk 0:00:08]} 51. a4
{[%clk 0:00:18]} Rf5 {[%clk 0:00:08]} 52. Re2 {[%clk 0:00:19]} g6
{[%clk 0:00:06]} 53. Re8 {[%clk 0:00:19]} Rf7 {[%clk 0:00:07]} 54. Rg8
{[%clk 0:00:18]} Rf6 {[%clk 0:00:07]} 55. Rg7 {[%clk 0:00:18]} b6
{[%clk 0:00:06]} 56. Rb7 {[%clk 0:00:16]} Kc6 {[%clk 0:00:08]} 57. Re7
{[%clk 0:00:17]} Kd6 {[%clk 0:00:09]} 58. Rg7 {[%clk 0:00:17]} Re6
{[%clk 0:00:10]} 59. b4 {[%clk 0:00:10]} b5 {[%clk 0:00:08]} 60. Ra7
{[%clk 0:00:09]} Re3+ {[%clk 0:00:08]} 61. Kd2 {[%clk 0:00:11]} bxa4
{[%clk 0:00:07]} 62. Rxa6+ {[%clk 0:00:07]} Kd5 {[%clk 0:00:08]} 63. Rxa4 Kxd4
64. Ra6 {[%clk 0:00:07]} Rb3 {[%clk 0:00:05]} 65. Rd6+ {[%clk 0:00:07]} Ke5
{[%clk 0:00:04]} 66. Rxg6 {[%clk 0:00:08]} Kf5 {[%clk 0:00:06]} 67. Rb6
{[%clk 0:00:08]} Rb2+ {[%clk 0:00:07]} 68. Kd3 {[%clk 0:00:09]} Rxg2
{[%clk 0:00:08]} 69. Rb5+ {[%clk 0:00:09]} Kg6 {[%clk 0:00:08]} 70. Re5
{[%clk 0:00:05]} Rg3 {[%clk 0:00:09]} 71. Ke4 {[%clk 0:00:05]} Rxh3
{[%clk 0:00:10]} 72. b5 {[%clk 0:00:07]} Rh1 {[%clk 0:00:11]} 73. Re6+
{[%clk 0:00:07]} Kf7 {[%clk 0:00:12]} 74. Rc6 {[%clk 0:00:08]} Rb1
{[%clk 0:00:12]} 75. b6 {[%clk 0:00:09]} Rb5 {[%clk 0:00:12]} 76. Rh6
{[%clk 0:00:09]} Kg7 {[%clk 0:00:12]} 77. Rc6 {[%clk 0:00:10]} Kf7
{[%clk 0:00:13]} 78. Rh6 {[%clk 0:00:10]} Kg7 {[%clk 0:00:11]} 79. Rc6 1/2-1/2

[Event "Team Championship Russia (Blitz, Women)"]
[Site "Sochi"]
[Date "2018.10.10"]
[Round "1.6"]
[White "Vasilevich, Tatjana"]
[Black "Chan, Naruna"]
[Result "0-1"]
[BlackElo "1991"]
[WhiteElo "2238"]
[LiveChessVersion "1.4.8"]

1. d4 {[%clk 0:03:01]} d5 {[%clk 0:03:03]} 2. c4 {[%clk 0:03:04]} e6
{[%clk 0:03:03]} 3. Nc3 {[%clk 0:03:05]} Nf6 {[%clk 0:03:01]} 4. cxd5
{[%clk 0:03:05]} exd5 {[%clk 0:03:00]} 5. Bg5 {[%clk 0:03:06]} Be7
{[%clk 0:02:49]} 6. e3 {[%clk 0:03:07]} O-O {[%clk 0:02:48]} 7. Bd3
{[%clk 0:03:08]} c6 {[%clk 0:02:34]} 8. Qc2 {[%clk 0:03:06]} h6 {[%clk 0:02:31]}
9. Bh4 {[%clk 0:02:51]} Re8 {[%clk 0:02:27]} 10. Nf3 {[%clk 0:02:49]} Nbd7
{[%clk 0:02:14]} 11. O-O {[%clk 0:02:43]} Ne4 {[%clk 0:02:06]} 12. Bg3
{[%clk 0:02:31]} Nxg3 {[%clk 0:01:39]} 13. hxg3 {[%clk 0:02:31]} Nf6
{[%clk 0:01:39]} 14. Rab1 {[%clk 0:02:08]} Be6 {[%clk 0:01:23]} 15. Ne5
{[%clk 0:02:02]} Ng4 {[%clk 0:01:10]} 16. Nxg4 {[%clk 0:01:47]} Bxg4
{[%clk 0:01:11]} 17. b4 {[%clk 0:01:44]} a6 {[%clk 0:00:49]} 18. a4
{[%clk 0:01:43]} Rc8 {[%clk 0:00:46]} 19. Qb3 {[%clk 0:01:35]} Be6
{[%clk 0:00:32]} 20. Rfc1 {[%clk 0:01:28]} Qd6 {[%clk 0:00:26]} 21. b5
{[%clk 0:01:13]} axb5 {[%clk 0:00:22]} 22. axb5 {[%clk 0:01:14]} c5
{[%clk 0:00:14]} 23. dxc5 {[%clk 0:01:04]} Rxc5 {[%clk 0:00:14]} 24. Qa4
{[%clk 0:00:52]} Rec8 {[%clk 0:00:14]} 25. Ne2 {[%clk 0:00:46]} Rxc1+
{[%clk 0:00:14]} 26. Rxc1 {[%clk 0:00:48]} Rxc1+ {[%clk 0:00:15]} 27. Nxc1
{[%clk 0:00:49]} Qc7 28. Ne2 {[%clk 0:00:42]} Bf6 {[%clk 0:00:09]} 29. Qa8+
{[%clk 0:00:38]} Qc8 {[%clk 0:00:10]} 30. Qxc8+ {[%clk 0:00:32]} Bxc8
{[%clk 0:00:11]} 31. Kf1 {[%clk 0:00:30]} Kf8 {[%clk 0:00:12]} 32. Ke1
{[%clk 0:00:27]} Ke7 {[%clk 0:00:13]} 33. Kd2 {[%clk 0:00:28]} Kd6
{[%clk 0:00:15]} 34. Nd4 {[%clk 0:00:13]} Bd7 {[%clk 0:00:14]} 35. Kc2
{[%clk 0:00:09]} Kc5 {[%clk 0:00:14]} 36. Nb3+ {[%clk 0:00:09]} Kb4
{[%clk 0:00:16]} 37. b6 {[%clk 0:00:05]} Bd8 {[%clk 0:00:14]} 38. Nd4
{[%clk 0:00:04]} Bxb6 {[%clk 0:00:14]} 39. Bf5 {[%clk 0:00:05]} Be8
{[%clk 0:00:09]} 40. Bc8 {[%clk 0:00:04]} Bxd4 {[%clk 0:00:08]} 41. exd4
{[%clk 0:00:06]} b5 {[%clk 0:00:06]} 42. Kd3 {[%clk 0:00:06]} Ka3
{[%clk 0:00:05]} 43. Bb7 {[%clk 0:00:06]} b4 {[%clk 0:00:05]} 44. Bxd5
{[%clk 0:00:07]} f6 {[%clk 0:00:04]} 45. Kc2 {[%clk 0:00:08]} Bg6+
{[%clk 0:00:05]} 46. Kc1 {[%clk 0:00:08]} Bd3 {[%clk 0:00:04]} 47. Kd2
{[%clk 0:00:04]} Bf1 {[%clk 0:00:04]} 48. f4 {[%clk 0:00:00]} b3 {[%clk 0:00:04]}
49. Kc3 {[%clk 0:00:00]} 0-1

[Event "Team Championship Russia (Blitz, Women)"]
[Site "Sochi"]
[Date "2018.10.10"]
[Round "1.7"]
[White "Sukhareva, Valentina"]
[Black "Tomilova, Elena"]
[Result "0-1"]
[BlackElo "2207"]
[WhiteElo "1886"]
[LiveChessVersion "1.4.8"]

1. d4 {[%clk 0:03:02]} d5 {[%clk 0:03:03]} 2. c4 {[%clk 0:03:02]} c6
{[%clk 0:03:05]} 3. Nc3 {[%clk 0:03:03]} dxc4 {[%clk 0:03:05]} 4. e3
{[%clk 0:02:46]} b5 {[%clk 0:03:05]} 5. a4 {[%clk 0:02:42]} b4 {[%clk 0:03:06]}
6. Ne4 {[%clk 0:02:41]} Qd5 {[%clk 0:03:04]} 7. Nd2 {[%clk 0:02:07]} Ba6
{[%clk 0:03:04]} 8. Qc2 {[%clk 0:01:57]} Nf6 {[%clk 0:02:45]} 9. Ngf3
{[%clk 0:01:52]} Nbd7 {[%clk 0:02:42]} 10. Bxc4 {[%clk 0:01:38]} Bxc4
{[%clk 0:02:40]} 11. Qxc4 {[%clk 0:01:35]} e6 {[%clk 0:02:34]} 12. O-O
{[%clk 0:01:34]} Be7 {[%clk 0:02:24]} 13. b3 {[%clk 0:01:33]} Nb6
{[%clk 0:02:20]} 14. Qe2 {[%clk 0:01:26]} O-O {[%clk 0:02:12]} 15. Bb2
{[%clk 0:01:26]} Ne4 {[%clk 0:02:06]} 16. Rac1 {[%clk 0:01:23]} Rac8
{[%clk 0:02:05]} 17. Nc4 {[%clk 0:01:21]} Qh5 {[%clk 0:01:53]} 18. Nfe5
{[%clk 0:01:15]} Qxe2 {[%clk 0:01:52]} 19. f3 {[%clk 0:00:57]} Nxc4
{[%clk 0:01:47]} 20. Nxc4 {[%clk 0:00:57]} Nd6 {[%clk 0:01:16]} 21. Rf2
{[%clk 0:00:30]} Qd3 {[%clk 0:01:15]} 22. Ne5 {[%clk 0:00:22]} Qxb3
{[%clk 0:01:12]} 23. a5 {[%clk 0:00:18]} Qxe3 {[%clk 0:01:03]} 24. Nc4
{[%clk 0:00:13]} Nxc4 {[%clk 0:01:02]} 25. Rxc4 {[%clk 0:00:12]} Bf6
{[%clk 0:01:00]} 26. Rxb4 {[%clk 0:00:07]} Qe1+ {[%clk 0:01:00]} 0-1

[Event "Team Championship Russia (Blitz, Women)"]
[Site "Sochi"]
[Date "2018.10.10"]
[Round "1.8"]
[White "Illina, Natalia"]
[Black "Seregina, Maria"]
[Result "0-1"]
[BlackElo "1740"]
[WhiteElo "1879"]
[LiveChessVersion "1.4.8"]

1. e4 {[%clk 0:03:03]} c5 {[%clk 0:03:02]} 2. Nf3 {[%clk 0:03:04]} Nc6
{[%clk 0:03:03]} 3. Bb5 {[%clk 0:02:59]} d6 {[%clk 0:02:55]} 4. d4
{[%clk 0:02:50]} cxd4 {[%clk 0:02:50]} 5. Qxd4 {[%clk 0:02:51]} Bd7
{[%clk 0:02:40]} 6. Qd3 {[%clk 0:02:51]} Nf6 {[%clk 0:02:35]} 7. c4
{[%clk 0:02:51]} e5 {[%clk 0:02:22]} 8. Nc3 {[%clk 0:02:51]} Be7 {[%clk 0:02:12]}
9. O-O {[%clk 0:02:52]} O-O {[%clk 0:02:12]} 10. Nd5 {[%clk 0:02:31]} Nxd5
{[%clk 0:01:52]} 11. cxd5 {[%clk 0:02:08]} Nb4 {[%clk 0:01:44]} 12. Qc4
{[%clk 0:01:09]} Bxb5 {[%clk 0:01:44]} 13. Qxb5 {[%clk 0:01:11]} Qb6
{[%clk 0:01:10]} 14. Qd7 {[%clk 0:00:34]} Rfe8 {[%clk 0:00:53]} 15. Be3
{[%clk 0:00:35]} Qa5 {[%clk 0:00:31]} 16. Bd2 {[%clk 0:00:17]} Qb6
{[%clk 0:00:28]} 17. Qa4 {[%clk 0:00:08]} Na6 {[%clk 0:00:28]} 18. b4
{[%clk 0:00:08]} Rac8 {[%clk 0:00:24]} 19. Rac1 {[%clk 0:00:09]} Red8
{[%clk 0:00:16]} 20. b5 {[%clk 0:00:08]} Nc5 {[%clk 0:00:15]} 21. Qb4
{[%clk 0:00:07]} a6 {[%clk 0:00:14]} 22. Qa5 {[%clk 0:00:05]} Qxb5
{[%clk 0:00:13]} 23. Qxb5 {[%clk 0:00:05]} axb5 {[%clk 0:00:14]} 24. Ba5
{[%clk 0:00:05]} Rf8 {[%clk 0:00:14]} 25. Nd2 {[%clk 0:00:06]} Ra8
{[%clk 0:00:15]} 26. Bb4 {[%clk 0:00:04]} Rxa2 {[%clk 0:00:14]} 27. Ra1
{[%clk 0:00:06]} Rfa8 {[%clk 0:00:15]} 28. Rxa2 {[%clk 0:00:06]} Rxa2
{[%clk 0:00:15]} 29. Rc1 {[%clk 0:00:05]} h6 {[%clk 0:00:15]} 30. Kf1
{[%clk 0:00:05]} Rb2 {[%clk 0:00:13]} 31. Bc3 {[%clk 0:00:05]} Ra2
{[%clk 0:00:12]} 32. Bb4 {[%clk 0:00:06]} Ra4 {[%clk 0:00:12]} 33. Bxc5
{[%clk 0:00:06]} dxc5 {[%clk 0:00:13]} 34. Nb3 {[%clk 0:00:07]} c4
{[%clk 0:00:13]} 35. Nd2 {[%clk 0:00:07]} b6 {[%clk 0:00:13]} 36. Nb1
{[%clk 0:00:07]} Ra8 {[%clk 0:00:13]} 37. Nc3 {[%clk 0:00:08]} b4
{[%clk 0:00:13]} 38. Nb5 {[%clk 0:00:10]} c3 {[%clk 0:00:13]} 39. d6
{[%clk 0:00:08]} Bf8 {[%clk 0:00:12]} 40. Ke2 {[%clk 0:00:07]} Ra5
{[%clk 0:00:11]} 41. Nc7 {[%clk 0:00:04]} Bxd6 {[%clk 0:00:12]} 42. Nd5
{[%clk 0:00:05]} Rc5 {[%clk 0:00:11]} 43. Nxb6 {[%clk 0:00:05]} b3
{[%clk 0:00:11]} 44. Na4 {[%clk 0:00:06]} b2 {[%clk 0:00:11]} 45. Rf1
{[%clk 0:00:03]} c2 {[%clk 0:00:10]} 46. Nxc5 {[%clk 0:00:03]} Bxc5
{[%clk 0:00:10]} 47. Ke1 0-1